مسألة قناة السويس
محفوظ في:
مؤلفون آخرون:
التنسيق: كتاب
اللغة: Undetermined
منشور في:
Al-Qāhirah
Matabie dar alsharq lilnashr waltibaea
الوسوم: إضافة وسم
لا توجد وسوم, كن أول من يضع وسما على هذه التسجيلة!
رقم الطلب: N33 SUEZ
| LEADER | 00333nam a2200121Ia 4500 | ||
|---|---|---|---|
| 008 | 240404s9999||||xx |||||||||||||| ||und|| | ||
| 050 | 4 | |a N33 SUEZ | |
| 245 | 1 | 0 | |a مسألة قناة السويس |
| 264 | 1 | |a Al-Qāhirah |b Matabie dar alsharq lilnashr waltibaea | |
| 300 | |a 324 |c 24 | ||
| 700 | 1 | |a محمد صفوت. | |
| 942 | |2 lcc |c BK | ||
| 999 | |c 58098 |d 58098 | ||
